书目信息 |
| 题名: |
我是郭正谊
|
|
| 作者: | 郭正谊 著 | |
| 分册: | ||
| 出版信息: | 北京 中国时代经济出版社 2002.11 |
|
| 页数: | 294页 | |
| 开本: | 20cm | |
| 丛书名: | ||
| 单 册: | ||
| 中图分类: | B917 | |
| 科图分类: | ||
| 主题词: | 无神论 | |
| 电子资源: | ||
| ISBN: | 7-80169-303-5 | |
| 000 | 00545nam0 2200193 450 | |
| 001 | 0833244524 | |
| 005 | 20080620091656.28 | |
| 010 | @a7-80169-303-5@dCNY20.00 | |
| 100 | @a20080620d2002 km y0chiy0120 ea | |
| 101 | 0 | @achi |
| 102 | @aCN@b110000 | |
| 200 | 1 | @a我是郭正谊@Awo shi guo zheng yi@f郭正谊著@Fguo zheng yi zhu |
| 210 | @a北京@c中国时代经济出版社@d2002.11 | |
| 215 | @a294页@d20cm | |
| 606 | 0 | @a无神论 |
| 690 | @aB917@v4 | |
| 701 | 0 | @a郭正谊@Aguo zheng yi@4著 |
| 801 | 0 | @aCN@b山东省滨州职业学院图书馆@c20080620 |
| 905 | @aBZT@dB917@e2 | |
| 我是郭正谊/郭正谊著.-北京:中国时代经济出版社,2002.11 |
| 294页;20cm |
| ISBN 7-80169-303-5:CNY20.00 |
| ● |
| 相关链接 |
|
|
|
正题名:我是郭正谊
索取号:B917/2
 
预约/预借
| 序号 | 登录号 | 条形码 | 馆藏地/架位号 | 状态 | 备注 |
| 1 | 683686 | 2000683686 | 中心书库南/007架B面2层3列/ [索取号:B917/2] | 在馆 | |
| 2 | 683687 | 2000683687 | 中心书库南/007架B面2层3列/ [索取号:B917/2] | 在馆 | |
| 3 | 683688 | 2000683688 | 中心书库南/007架B面2层3列/ [索取号:B917/2] | 在馆 | |
| 4 | 683689 | 2000683689 | 中心书库南/007架B面2层3列/ [索取号:B917/2] | 在馆 | |
| 5 | 683690 | 2000683690 | 中心书库南/007架B面2层3列/ [索取号:B917/2] | 在馆 | |
| 6 | 683691 | 2000683691 | 中心书库南/007架B面2层3列/ [索取号:B917/2] | 在馆 |